000 01819nam a2200253Ia 4500
008 260220t1974||||xx |||||||||||||| ||spa||
040 _aPY-SlUNAC
_bspa
_erda
041 _aspa
082 _a519.5
_bR539i
100 _aRikmers, Albert D.
_eAutor
245 0 _aIntroducción a la estadística /
_cpor Albert D. Rikmers [Autor] y Hollis N. Todd [Autor]
264 _aCiudad de México :
_bCECSA,
_c℗1974.
300 _a1 volumen
520 _aEn "Introducción a la estadística", Albert D. Rikmers ofrece una visión clara y accesible de los conceptos fundamentales de la estadística, orientada tanto a estudiantes como a profesionales que buscan comprender y aplicar técnicas estadísticas en diversas disciplinas. El autor aborda temas esenciales como la recopilación y organización de datos, medidas de tendencia central, dispersión y probabilidad, así como inferencias estadísticas y pruebas de hipótesis. A lo largo del texto, se incluyen ejemplos prácticos y ejercicios que facilitan la comprensión de los tópicos tratados, permitiendo al lector desarrollar habilidades analíticas y críticas. Rikmers también destaca la importancia de la estadística en la toma de decisiones informadas en contextos sociales, económicos y científicos. Con un enfoque didáctico y un lenguaje accesible, esta obra se convierte en una herramienta valiosa para aquellos que desean adentrarse en el mundo de la estadística, promoviendo un aprendizaje significativo y aplicable a situaciones reales.
653 _aAnálisis de datos
653 _aEstadística
653 _aMétodos estadísticos
700 _aTodd, Hollis N.
_eAutor
942 _b2026/02/17
_cBK
999 _c7651
_d7651